000
00243 a2200097 4500
090
_c
3956
_d
3956
100
_a
Peter Rybaczyk
245
_a
Cisco Router Troubleshooting Handbook
260
_a
IDG Books
_b
India
_c
2000
942
_a
NBS
_c
BK
_k
005.3 RYB
999
_c
346416
_d
346416